带妈妈去旅行 (Record no. 66921)

000 -LEADER
fixed length control field 00575nam a22001937a 4500
003 - CONTROL NUMBER IDENTIFIER
control field MPLRDC
005 - DATE AND TIME OF LATEST TRANSACTION
control field 20220104200908.0
008 - FIXED-LENGTH DATA ELEMENTS--GENERAL INFORMATION
fixed length control field 210129b ||||| |||| 00| 0 eng d
020 ## - INTERNATIONAL STANDARD BOOK NUMBER
International Standard Book Number 978-986-248-375-6
082 ## - DEWEY DECIMAL CLASSIFICATION NUMBER
Classification number 862.6 TYJ
100 ## - MAIN ENTRY--PERSONAL NAME
Personal name 太源晙 TAE, WON-JUNE
245 ## - TITLE STATEMENT
Title 带妈妈去旅行
Statement of responsibility, etc. 李佩谕 译
250 ## - EDITION STATEMENT
Edition statement 初版11刷
260 ## - PUBLICATION, DISTRIBUTION, ETC.
Place of publication, distribution, etc. 台湾
Name of publisher, distributor, etc. 日月文化出版股份有限公司
Date of publication, distribution, etc. 2016
300 ## - PHYSICAL DESCRIPTION
Other physical details
520 ## - SUMMARY, ETC.
Summary, etc. 上架 2017-03-01。<br/>2017-07-15 弄湿--下方(5457)。
650 ## - SUBJECT ADDED ENTRY--TOPICAL TERM
Topical term or geographic name entry element 韩国文学--杂著;散文
942 ## - ADDED ENTRY ELEMENTS (KOHA)
Koha item type Book
-- 862.6 TYJ
Holdings
Withdrawn status Lost status Source of classification or shelving scheme Damaged status Not for loan Collection code Home library Current library Shelving location Date acquired Cost, normal purchase price Total Checkouts Total Renewals Full call number Barcode Date last seen Date last checked out Price effective from Koha item type Public note
            Malaysian Public Library, Research and Development Centre Malaysian Public Library, Research and Development Centre   08/12/2016 54.70   1 862.6 TYJ 00060297 18/03/2021 26/08/2018 18/03/2021 Book mplrdc

© 2022. Malaysian Public Library, Research and Development Centre. All Right ReservedE-mailmplrdc@help.edu.my 

Powered by Koha